Kríza podniku : fáza prežitia alebo zániku bakalárska práca

Saved in:
Bibliographic Details
Main Author: Bindasová, Alžbeta
Corporate Author: Fakulta podnikového manažmentu EU. Katedra podnikovohospodárska
Other Authors: Krajčovič, Ján
Format: Book
Language:Slovak
Published: Bratislava 2009
Tags: Add Tag
No Tags, Be the first to tag this record!

MARC

LEADER 00000nam$a2200000$$$4500
001 0101650
005 20240419112453.6
041 0 |a slo 
044 |a SK 
245 1 0 |a Kríza podniku : fáza prežitia alebo zániku  |b bakalárska práca  |c Alžbeta Bindasová ; školiteľ: Ján Krajčovič 
264 1 |a Bratislava  |c 2009 
300 |a 50 s. 
100 1 |a Bindasová, Alžbeta 
700 1 |a Krajčovič, Ján 
710 2 |a Fakulta podnikového manažmentu EU. Katedra podnikovohospodárska